| Registos Bibliográficos associados ao registo de autoridade |
|
Etiqueta de registo: 00254nam 2200025 450 001 2286747 003 http://id.bnportugal.gov.pt/bib/catbnp/2286747 100 ## $a20260522d1659 m y0pory01030103ba 101 0# $afre 102 ## $aDX$aNL 105 ## $ay z 000yy 106 ## $ar 200 1# $a Les Prouinciales ou Les lettres escrites par Louis de Montalte, a vn prouincial
de ses amis, et aux RR. PP. Jesuites$eauec La Theologie Morale des dits Peres & Nouveaux Casuistes: representée par leur
prattique, & par leurs livres: diuisée en cinq parties 210 #9 $aA Cologne$cchez Nicolas Schoute,$d1659 215 ## $a[14], 320, [4], 328, 493, [1] p.$d8º (17 cm) 304 ## $aLouis de Montalte é pseud. de Blaise Pascal 305 ## $aSegundo bibliogr., foi impresso em Leiden por Jean Elzevier 307 ## $aAssin.: *//8, A-V//8, ª//2, A-Y//8, Z//4, a-h//8 314 ## $aEd. literária de Louis de Saint-Amour (cf. bibliogr.) 316 ## $aExemplar enc. em 2 vols, um com Les Provinciales (R. 1884 P.), outro com La theologie
morale des Jesuites (R. 1885 P.)$5PTBN: R. 1884-1885 P. 321 ## $aBnF FRBNF31062556 ; FRBNF44465455 327 11 $aCom f. de rosto e pagin. próprias: La theologie morale des Jesuites, et nouveaux casuistes:
representée par leur prattique, & par leurs livres... - A Cologne : chez Nicolas Schoute,
1659. - [4], 328, 493, [1] p. 517 1# $a La theologie morale des Jésuites 518 1# $a Les Provinciales, ou Lettres écrites par Louis de Montalte a un provincial de ses
amis 620 ## $dColónia 620 ## $dLeiden 700 #0 $aPascal,$f1623-1662$356221 702 #1 $aNicole,$bPierre,$f1625-1695$4080$3646264 702 #1 $aSaint-Amour,$bLouis de,$f1619-1687$4340$31999117 702 #1 $aSchouten,$bNicolaes,$ffl. 1658-1704$4610$31651782 702 #1 $aElzevier,$bJean,$f1622-1661$4610$3145373 801 #0 $aPT$bBN$gRPC 856 40 $2Cópia digital disponível em Google Books$uhttps://books.google.pt/books?id=x4Ndw_DOXlUC&hl=pt-PT&pg=PP5#v=onepage&q&f=false 966 ## $dLes Provinciales$lBN$mFGMON$sR. 1884 P. 966 ## $dLa theologie morale$lBN$mFGMON$sR. 1885 P. 971 ## $cpmesqui$d20260522 997 ## $aBIBEOD
Etiqueta de registo: 00254nam 2200025 450 001 2286832 003 http://id.bnportugal.gov.pt/bib/catbnp/2286832 100 ## $a20260525f16971698m y0pory01030103ba 101 0# $afre 102 ## $aDX 105 ## $ay z 000yy 106 ## $ar 200 1# $a Les Prouinciales, ou Les lettres écrites, par Louis de Montalte, a un prouincial
de ses amis, et aux RR. PP. Jesuites 205 ## $aDixiéme Edition, corrigée & augmentée de la Lettre d'un Avocat du Parlement à un de
ses Amis 210 #9 $aA Cologne$cchez Nicolas Schoute,$d1597 [i.e. 1697] 215 ## $a[24], 230 [i.e. 432] p.$d12º (16 cm) 304 ## $aLouis de Montalte é pseud. de Blaise Pascal 305 ## $aSegundo bibliogr., trata-se de uma contrafação 305 ## $aNa f. de rosto, sobre o pé de imprensa: "Sur l'imprimé" 307 ## $aAssin.: *//12, A-S//12 321 ## $aBnF FRBNF31062569 321 ## $aICCU IT\ICCU\BASE\012985 518 1# $a Les Provinciales, ou Les lettres écrites par Louis de Montalte a un provincial de
ses amis 620 ## $dColónia 700 #0 $aPascal,$f1623-1662$356221 702 #1 $aSchouten,$bNicolaes,$ffl. 1658-1704$4610$31651782 801 #0 $aPT$bBN$gRPC 966 ## $lBN$mFGMON$sR. 1886 P. 971 ## $cpmesqui$d20260525 997 ## $aBIBEOD
Etiqueta de registo: 00653cam 02200205 04500 001 852105 003 http://id.bnportugal.gov.pt/bib/catbnp/852105 005 19990126000000.0 095 ## $aPTBN00606648 100 ## $a19940604d1666 m y0pory0103 ba 101 0# $afre 102 ## $aDE 200 1# $a Les provinciales ou lettres écrites par Louis de Montalte a un provincial de ses
amis 205 ## $a6. éd 210 #9 $aA Cologne$cChez Nicolas Schoute,$d[1666] 215 ## $a[24], 476 p. 620 ## $dColonia 700 #0 $aPascal,$f1623-1662$356221 702 #1 $aSchouten,$bNicolaes,$ffl. 1658-1704$4610$31651782 801 #0 $aPT$bBN$gRPC 856 42 $zPágina de título$uhttp://patrimonia.porbase.org/hg-17745-p/hg-17745-p_y-01_rosto_t24-C-R0150.jpg$2Página de título 966 ## $lBN$mFGMON$sH.G. 17745 P. 997 ## $aBIBEOD
Etiqueta de registo: 00651cam 2200205 450 001 852107 003 http://id.bnportugal.gov.pt/bib/catbnp/852107 005 19990126000000.0 095 ## $aPTBN00606650 100 ## $a19940604d1669 m y0pory0103 ba 101 0# $afre 102 ## $aDE 200 1# $a Les provinciales ou lettres écrites par Louis de Montalte a un provincial de ses
amis 205 ## $a8. éd 210 #9 $aA Cologne$cChez Nicolas Schoute,$d1669 215 ## $a[24], 501 p. 620 ## $dColonia 700 #0 $aPascal,$f1623-1662$356221 702 #1 $aSchouten,$bNicolaes,$ffl. 1658-1704$4610$31651782 801 #0 $aPT$bBN$gRPC 856 42 $zPágina de título$uhttp://patrimonia.porbase.org/hg-17746-p/hg-17746-p_y-01_rosto_t24-C-R0150.jpg$2Página de título 966 ## $lBN$mFGMON$sH.G. 17746 P. 997 ## $aBIBEOD
Etiqueta de registo: 00254nam 2200025 450 001 1936841 003 http://id.bnportugal.gov.pt/bib/catbnp/1936841 100 ## $a20160715d1658 m y0pory01030103ba 101 1# $alat$cfre 102 ## $aDX$aNL 105 ## $ay z 000yy 106 ## $ar 200 1# $aLudouici Montaltii Litterae prouinciales, de Morali & Politica Iesuitarum disciplina$fa Willelmo Wendrockio Salisburgensi Theologo, e Gallicâ in Latinam linguama translatae;
et theologicis notis illustratae... 210 #9 $aColoniae$capud Nicolaum Schouten,$d1658 215 ## $a[32], 608, [4] p.$d8º (19 cm) 304 ## $aLudovicus Montaltius é pseud. de Blaise Pascal 304 ## $aWillelmus Wendrockius é pseud. de Pierre Nicole 306 ## $aPé de imprensa falso: publicado em Leiden por Jean Elzevier (cf. bibliogr.) 307 ## $aAssin.: *-**//8, A-Pp//8, [ ]//2 321 ## $aICCU IT\ICCU\BVEE\078450 500 10 $aLitterae provinciales de Morali et Politica Jesuitarum disciplina 518 1# $aLudovici Montaltii Litterae provinciales, de Morali et Politica Jesuitarum disciplina 620 ## $dColónia 620 ## $dLeiden 700 #0 $aPascal,$f1623-1662$356221 702 #1 $aNicole,$bPierre,$f1625-1695$4730$3646264 702 #1 $aSchouten,$bNicolaes,$ffl. 1658-1704$4610$31651782 702 #1 $aElzevier,$bJean,$f1622-1661$4610$3145373 801 #0 $aPT$bBN$gRPC 856 40 $2Cópia digital disponível em Google Books$uhttps://books.google.pt/books?id=zdXXY8_9qXcC&hl=pt-PT&pg=PP5#v=onepage&q&f=false 966 ## $lBN$mFGMON$sH.G. 2819 P. 966 ## $lBN$mFGMON$sR. 1896 P. 976 ## $d20260526$rpmesqui 997 ## $aBIBEOD
|
|
|